[Event "CAN-ch U12 Girls"]
[Site "Kapuskasing"]
[Date "2004.07.06"]
[Round "2"]
[White "Lachance, Venessa"]
[Black "Xiong, Sonja"]
[Result "0-1"]
[WhiteElo "1032"]
[BlackElo "1313"]
[PlyCount "90"]
[EventDate "2004.07.06"]
[EventType "tourn"]
[EventRounds "7"]
[EventCountry "CAN"]
[SourceTitle "EXT 2006"]
[Source "ChessBase"]
[SourceDate "2005.11.24"]
[SourceVersion "1"]
[SourceVersionDate "2005.11.24"]
[SourceQuality "1"]

1. e4 e5 2. Nf3 Nc6 3. Bb5 d6 4. d3 Bd7 5. Bg5 Nf6 6. Nc3 a6 7. Bc4 h6 8. Be3 Be6 9. Bxe6 fxe6 10. d4 Nd7 11. d5 exd5 12. exd5 Ne7 13. a4 c6 14. dxc6 Nxc6 15. Bd2 Qf6 16. Ne4 Qg6 17. Qe2 Be7 18. g3 0-0-0 19. Nh4 Bxh4 20. gxh4 d5 21. h5 Qxe4 22. Qxe4 dxe4 23. a5 Nf6 24. 0-0-0 Nxh5 25. Be3 Nxa5 26. Bb6 Rxd1+ 27. Rxd1 Nc6 28. Bc5 Rd8 29. Rxd8+ Kxd8 30. Bb6+ Kd7 31. c4 Nf6 32. c5 Ng4 33. h3 Nxf2 34. h4 e3 35. h5 Nd4 36. c6+ Kxc6 37. Ba5 Nb3+ 38. Kc2 Nxa5 39. b4 Nc4 40. b5+ Kxb5 41. Kc3 e2 42. Kb3 e1Q 43. Kc2 Qe2+ 44. Kb1 e4 45. Ka1 Qb2# 0-1